Capitales apparaissant dans le nom du pays - Statistiques

Statistiques générales
  • Ce quiz a été pris 67 fois
    12 depuis la dernière actualisation
  • Le résultat moyen est 8 sur 11
Statistiques - réponses
Continent Pays % Correct
Europe Luxembourg
82%
Europe Monaco
82%
Amérique Panama
82%
Amérique Guatemala
73%
Europe Saint-Marin
73%
Amérique Salvador
73%
Europe Vatican
73%
Afrique Djibouti
64%
Asie Koweït
64%
Afrique Guinée-Bissau
55%
Afrique Sao Tomé-et-Principe
45%
Aucun quiz correspondant
Distribution des résultats
% des personnes avec chaque résultat
Percentile par nombre de réponses
Votre historique - résultats
Vous n’avez pas pris ce quiz depuis la dernière actualisation